Geografia Kanady na mapie - Statystyki

Ogólne statystyki
  • Ten quiz został rozwiązany 583 razy
    568 od ostatniego zresetowania
  • Średni wynik to 13 z 30
Odpowiedzi na mapie
Odpowiedzi zakodowano w zielono-czerwonej skali na mapie do tego quizu, zgodnie z poniższymi procentami.
 
Statystyki odpowiedzi
Obiekt geograficzny % Poprawnych
Toronto
86%
Montreal
73%
Vancouver
71%
Alberta
66%
Hudsona
66%
Górne
65%
Ottawa
63%
Nowa Fundlandia
60%
Jukon
58%
Ziemia Baffina
53%
Huron
51%
Wielkie Jezioro Niedźwiedzie
51%
Manitoba
50%
Wyspa Księcia Edwarda
49%
Wielkie Jezioro Niewolnicze
47%
Winnipeg
46%
Nowy Brunszwik
45%
Świętego Wawrzyńca
42%
Wiktorii
36%
Halifax
34%
Saskatoon
24%
Yellowknife
23%
Banff
18%
Fundy
18%
Cape Breton
13%
Fraser
12%
Jasper
12%
Nahanni
10%
Gwaii Haanas
9%
Yoho
9%
Nie znaleziono quizów pasujących do podanych kryteriów
Rozkład punktacji
Procent ludzi z każdym wynikiem
Percentyl według liczby udzielonych odpowiedzi
Twoja historia wyników
Nie rozwiązałeś tego quizu od ostatniego zresetowania